000
00244nam a2200109Ia 4500
008
220204s9999 xx 000 0 und d
082
_a
82-3
_b
COO
100
_a
Cook, Kenneth
245
0
_a
Bloodhouse
260
_a
London
_b
Pan
_c
1977
942
_c
BK
999
_c
29518
_d
29518